Humphrey Bogart Filmography - Statistics

General Stats
  • This quiz has been taken 200 times
    122 since last reset
  • The average score is 18 of 122
Answer Stats
Type Year Name % Correct
Film 1942 Casablanca
99%
Film 1951 The African Queen
88%
Film 1941 The Maltese Falcon
84%
Film 1948 Key Largo
72%
Film 1946 The Big Sleep
68%
Film 1948 The Treasure of the Sierra Madre
66%
Film 1944 To Have and Have Not
65%
Film 1954 Sabrina
60%
Film 1947 Dark Passage
57%
Film 1954 The Barefoot Contessa
47%
Film 1954 The Caine Mutiny
47%
Film 1950 In a Lonely Place
46%
Film 1953 Beat the Devil
40%
Film 1941 High Sierra
40%
Film 1943 Sahara
40%
Film 1939 The Roaring Twenties
34%
Film 1938 Angels with Dirty Faces
32%
Film 1955 We're No Angels
32%
Film 1956 The Harder They Fall
31%
Theater 1935 The Petrified Forest
31%
Film 1936 The Petrified Forest
31%
Film 1937 Dead End
29%
Film 1949 Tokyo Joe
28%
Film 1947 Dead Reckoning
26%
Film 1939 Dark Victory
24%
Film 1937 Kid Galahad
24%
Film 1947 The Two Mrs. Carrolls
24%
Film 1950 Chain Lightning
22%
Film 1944 Passage to Marseille
22%
Film 1955 The Desperate Hours
22%
Film 1949 Knock on Any Door
21%
Film 1934 Midnight
21%
Film 1951 Sirocco
19%
Film 1937 Black Legion
18%
Film 1952 Road to Bali
18%
Film 1930 Up the River
16%
Film 1937 Marked Woman
15%
Film 1941 The Wagons Roll at Night
15%
Film 1940 They Drive by Night
15%
Film 1945 Conflict
13%
Film 1951 The Enforcer
13%
Film 1943 Action in the North Atlantic
12%
Film 1942 All Through the Night
12%
Film 1952 Deadline - U.S.A.
12%
Film 1937 San Quentin
12%
Film 1939 The Oklahoma Kid
12%
Film 1942 Across the Pacific
10%
Film 1939 King of the Underworld
10%
Film 1955 The Left Hand of God
10%
Film 1940 Virginia City
10%
Film 1939 You Can't Get Away with Murder
10%
Film 1938 The Amazing Dr. Clitterhouse
9%
Film 1953 Battle Circus
7%
Film 1937 Stand-In
7%
Film 1939 The Return of Doctor X
7%
TV Documentary 1996 Bogart: The Untold Story
6%
Film 1939 Invisible Stripes
6%
Film 1940 It All Came True
6%
Film 1932 Three on a Match
6%
Short Film 1930 Broadway's Like That
4%
Film 1940 Brother Orchid
4%
Film 1936 Bullets or Ballots
4%
Film 1938 Crime School
4%
Theater 1922 Drifting
4%
Radio Series 1946, 1948 Lux Radio Theatre
4%
Short Film 1928 The Dancing Town
4%
Film 1930 A Devil with Women
3%
Theater 1931 After All
3%
Film 1931 A Holy Terror
3%
Theater 1927 Baby Mine
3%
Film 1931 Bad Sister
3%
Film 1932 Big City Blues
3%
Film 1931 Body and Soul
3%
Film 1936 China Clipper
3%
Theater 1932 Chrysalis
3%
Theater 1925-1926 Cradle Snatchers
3%
Theater 1925 Hell's Bells
3%
Theater 1932 I Loved You Wednesday
3%
Theater 1934 Invitation to a Murder
3%
Theater 1929-1930 It's a Wise Child
3%
Film 1932 Love Affair
3%
Theater 1923-1924 Meet the Wife
3%
Theater 1924-1925 Nerves
3%
Theater 1933 Our Wife
3%
Theater 1927-1928 Saturday's Children
3%
Radio Series 1943 Screen Guild Players
3%
Theater 1929 Skyrocket
3%
Theater 1922 Swifty
3%
Film 1942 The Big Shot
3%
TV Show 1951, 1953 The Ed Sullivan Show
3%
Film 1954 The Love Lottery
3%
Theater 1933 The Mask and the Face
3%
Film 1946 Two Guys from Milwaukee
3%
Film 1948 Always Together
1%
TV Documentary 1997 Becoming Attractions: The Trailers of Humphrey Bogart
1%
Short TV Documentary 1997 Great Romances of the 20th Century: Humphrey Bogart & Lauren Bacall
1%
Short Film 1945 Hollywood Victory Caravan
1%
Short TV Documentary 2003 Humphrey Bogart and John Huston
1%
Short TV Documentary 2000 Humphrey Bogart and Lauren Bacall
1%
Documentary 1994 Humphrey Bogart: Behind the Legend
1%
Short Documentary 1999 Humphrey Bogart on Film
1%
Documentary 1991 Humphrey Bogart: The Man Behind the Myth
1%
TV Documentary 1997 Humphrey Bogart: You Must Remember This...
1%
Film 1936 Isle of Fury
1%
Film 1938 Men Are Such Fools
1%
Film 1946 Never Say Goodbye
1%
Film 1938 Racket Busters
1%
Short Documentary 1944 Report from the Front
1%
Radio Series 1941-1944 Screen Guild Theater
1%
Film 1938 Swing Your Lady
1%
Film 1943 Thank Your Lucky Stars
1%
Radio Series 1952 Theater Guild on the Air
1%
Film 1937 The Great O'Malley
1%
TV Show 1953 The Jack Benny Program
1%
TV Show 1953 The Jackie Gleason Show
1%
TV Documentary 1972 Tribute to Bogart
1%
Film 1936 Two Against the World
1%
Short Film 1944 I Am an American
0%
TV Show 1955 Producers' Showcase
0%
Short Film 1938 Swingtime in the Movies
0%
TV Special 1949 The Actor's Society Benefit Gala
0%
Theater 1933 Tourists Accommodated
0%
No matching quizzes found
Score Distribution
Percent of People with Each Score
Percentile by Number Answered
Your Score History
You have not taken this quiz since the last reset